[Event "II Criciúma Chess Open - A1700 - 12-18"]
[Site "Criciúma SC"]
[Date "2024.01.13"]
[Round "3.1"]
[White "Do Valle Cardoso, Lucas"]
[Black "Quintiliano Pinto, Renato R."]
[Result "0-1"]
[WhiteElo "2392"]
[BlackElo "2493"]
[PlyCount "78"]
[EventDate "2024.01.12"]
[EventRounds "9"]
[EventCountry "BRA"]

1. Nf3 d5 2. g3 Nf6 3. Bg2 e6 4. O-O Be7 5. c4 O-O 6. d4 Nbd7 7. Nc3 dxc4 8. e4
c6 9. a4 e5 10. dxe5 Ng4 11. Bf4 Qa5 12. Qe2 ({RR} 12. e6 fxe6 13. e5 Ndxe5 14.
Nxe5 Nxe5 15. Qh5 Bd6 16. Ne4 Rf5 17. Qe8+ Rf8 18. Qh5 Rf5 19. Qe8+ {1/2-1/2 
(19) Topalov,V (2702)-Kasparov,G (2851) Sarajevo 2000}) ({RR} 12. e6 fxe6 13.
Qe2 Nde5 14. Nxe5 Nxe5 15. Bxe5 Qxe5 16. Kh1 Bd7 17. f4 Qc5 18. e5 Rad8 19.
Rad1 Bc8 20. Rxd8 Rxd8 21. Be4 Bf8 22. h4 b5 23. Bb1 Bb7 24. Kh2 Qe7 25. Ne4
Rd4 26. Ng5 g6 {Van Foreest,J (2691)-Hovhannisyan,R (2622) Riga LAT 2021 0-1 
(39)}) 12... Ngxe5 13. Nxe5 Nxe5 14. Nd5 cxd5 $146 ({RR} 14... Bd6 15. Ne3 Be6
16. Nf5 Bb4 17. Qh5 Bxf5 18. exf5 Nd3 19. Be3 Rfe8 20. Qg4 Ne5 21. Qf4 f6 22.
Bd4 Bd2 23. Qh4 Qb4 24. Rfd1 Nd3 25. a5 Rad8 26. a6 Bg5 27. Qg4 h5 28. Qxh5 Qd6
29. Bxa7 {Inkiov,V (2455)-Rabeyrin,J (2269) France 2008 1-0 (35)}) 15. Bxe5 d4
16. Bxd4 Be6 17. Rfd1 Rad8 18. Bf3 Bc5 19. Bxc5 Qxc5 20. Rxd8 Rxd8 21. Rd1
Rxd1+ 22. Qxd1 g6 23. Bg4 Bxg4 24. Qxg4 Qc6 25. Qf4 Qe8 26. h4 h5 27. Kh2 b6
28. f3 Qd7 29. Kg2 Qd4 30. Qc1 Qd3 31. Kf2 Qb3 32. a5 bxa5 33. Qd2 a4 34. g4
hxg4 35. fxg4 c3 36. bxc3 a3 37. Qd8+ Kh7 38. Qd7 a2 39. Qxa7 Qb2+ 0-1

[Event "II Criciúma Chess Open - A1700 - 12-18"]
[Site "Criciúma SC"]
[Date "2024.01.13"]
[Round "3.2"]
[White "Di Berardino, Diego Rafael"]
[Black "Perdomo, Leandro"]
[Result "1-0"]
[WhiteElo "2480"]
[BlackElo "2382"]
[PlyCount "75"]
[EventDate "2024.01.12"]
[EventRounds "9"]
[EventCountry "BRA"]

1. d4 {Anand,V} Nf6 2. c4 g6 3. Nc3 Bg7 4. e4 d6 5. Nf3 O-O 6. Be2 e5 7. O-O
Nc6 8. d5 Ne7 9. b4 a5 10. Ba3 b6 11. bxa5 Rxa5 12. Bb4 Ra8 13. a4 Nh5 ({RR} 
13... Ne8) 14. g3 ({RR} 14. a5 bxa5 15. Bxa5 Nf4 16. Nd2 Qd7 17. Re1 Bh6 ({RR} 
17... Nxg2 18. Kxg2 Rxa5 19. Rxa5 Qh3+ 20. Kg1 Qxc3 21. Ra7 Qd4 ({RR} 21... Qb4
22. Qc2 Bh6 23. Rd1 Qb6 24. Raa1 f5) 22. Ra3 ({RR} 22. Rxc7 Qb6 23. Rxe7 Bf6))
18. Bf1 c6 ({RR} 18... f5 19. c5 ({RR} 19. g3 Nh5 20. exf5 Nxf5 21. Nb5 Nf6 22.
Bxc7 ({RR} 22. Ne4 Nxe4 23. Rxe4 c6)) 19... dxc5 20. Nb3 ({RR} 20. Nc4 fxe4))
19. c5 cxd5 ({RR} 19... dxc5 20. Nc4) 20. exd5 dxc5 ({RR} 20... Nexd5 21. Nxd5
Nxd5 22. Ne4 Bb7 23. Qxd5) 21. Nde4 Bg7 ({RR} 21... f5 22. Nxc5 Qd6 23. Bb4
Rxa1 24. Qxa1 Nexd5 25. Bc4 Kh8 ({RR} 25... Rd8 26. Nxd5 Nxd5 27. Rxe5) 26.
Bxd5 Nxd5 27. Rd1) 22. Bb5 Qb7 23. Nxc5 ({RR} 23. d6 Nf5 24. d7 Nd4 25. dxc8=Q)
23... Qb8 24. Bf1 ({RR} 24. d6 Ned5 25. d7 ({RR} 25. Nxd5 Qxb5 {RR} 26. Ne7+
Kh8 27. d7 Bxd7 28. Nxd7 Rfe8 29. Bc3) 25... Rxa5 ({RR} 25... Nxc3 26. Bxc3
Rxa1 ({RR} 26... Bb7 27. Bf1) 27. Bxa1 Qxb5 28. d8=Q Qxc5 29. Q8d6) 26. Rxa5
Nxc3 {RR} 27. Qb3 Bxd7 28. Nxd7 Qb7 29. f3 e4) 24... Bf5 ({RR} 24... Rxa5 25.
Rxa5 Qb4 26. Qa1 ({RR} 26. Rb5 Qxc3 27. d6)) 25. d6 Nc6 26. Bc7 Rxa1 ({RR} 
26... Qb4 27. N5e4) 27. Qxa1 Qb4 28. N5e4 Qb3 {Anand,V (2765)-Polgar,J (2645)
Dos Hermanas 1997 CBM 059 [Anand,V] 1-0 (72)}) ({RR} 14. Re1 {RR} Nf4 15. Bf1)
14... f5 ({RR} 14... Bh6 15. a5 bxa5 16. Rxa5 Bh3 17. Re1 c5 18. Rxa8 Qxa8 19.
Bxc5 dxc5 20. Nxe5 Nf6 21. Nd3 Qa5 22. Qa1 Qxa1 23. Rxa1 Bd2 24. Nb1 Nxe4 25.
Bf3 Bc3 26. Nxc3 Nxc3 27. Nxc5 Nf5 28. Ne4 Nd4 29. Bg4 {Meins,G (2417)
-Tabatabaei,M (2601) Biel SUI 2019 0-1 (34)}) 15. Ng5 Nf6 16. Bf3 Bh6 $146 ({RR
} 16... Ne8 17. a5 h6 18. Ne6 Bxe6 19. dxe6 c5 20. Ba3 Rxa5 21. Nb5 Rf6 22. Bb2
Rxa1 23. Bxa1 Rxe6 24. exf5 gxf5 25. Bd5 Nxd5 26. Qxd5 Qe7 27. Qc6 Kh7 28. Bc3
Nf6 29. Nc7 Ne4 30. Nxe6 Qxe6 31. Rc1 {Rossen,C (2134)-Christensen,B (2240)
Ballerup 2009 1-0 (42)}) ({RR} 16... f4 17. a5 h6 18. Ne6 Bxe6 19. dxe6 Nc6 20.
Ba3 Rxa5 21. Nd5 Nxd5 22. exd5 Nd4 23. Be4 Qf6 24. Qd3 Nf5 25. Bb2 fxg3 26.
hxg3 Qg5 27. Bc3 Raa8 28. Rfe1 h5 29. Bd2 Qf6 30. Qf3 Nd4 31. Qxf6 {Lindgren,P
(2256)-Molvig,J (1904) Borup 2012 1-0 (59)}) 17. Ne6 Bxe6 18. dxe6 Nc6 19. Ba3
f4 20. Nd5 Nxd5 21. cxd5 Nd4 22. Bg4 Qf6 23. Bb2 Ra7 24. Ra3 Rfa8 25. Rc3 Bg7
26. Rc4 h5 27. Bh3 Rf8 28. Bxd4 exd4 29. Qc2 g5 30. Bf5 fxg3 31. hxg3 h4 32.
gxh4 gxh4 33. Kh1 Qe5 34. f4 Qf6 35. Rg1 Qh6 36. Rxc7 d3 37. Rgxg7+ Kh8 38. Qc3
1-0

[Event "II Criciúma Chess Open - A1700 - 12-18"]
[Site "Criciúma SC"]
[Date "2024.01.13"]
[Round "3.3"]
[White "Hoffman, Alejandro"]
[Black "Cubas, Jose Fernando"]
[Result "1-0"]
[WhiteElo "2358"]
[BlackElo "2427"]
[PlyCount "68"]
[EventDate "2024.01.12"]
[EventRounds "9"]
[EventCountry "BRA"]

1. d4 Nf6 2. Nf3 g6 3. c3 Bg7 4. Bf4 O-O 5. e3 d6 6. h3 Nc6 7. Bc4 ({RR} 7. Be2
Nd7 8. e4 e5 9. dxe5 dxe5 10. Bg5 f6 11. Be3 Nb6 12. Nbd2 Be6 13. a4 a5 14.
Bxb6 cxb6 15. Bc4 Qe7 16. Bxe6+ Qxe6 17. Qb3 Qxb3 18. Nxb3 f5 19. Ke2 Bh6 20.
Rhd1 fxe4 21. Nfd2 Bxd2 {Kamsky,G (2692)-Socko,B (2630) playchess.com INT 2006
1-0 (35)}) ({RR} 7. Bh2 h5 8. b4 Nh7 9. Nbd2 a6 10. a4 b6 11. Be2 Bb7 12. O-O
e5 13. b5 axb5 14. axb5 Rxa1 15. Qxa1 Na5 16. Rd1 Qe8 17. Qa4 Qe6 18. dxe5 dxe5
19. Nc4 Nxc4 20. Qxc4 Qe7 21. Ra1 Ra8 {Hoffman,A (2445)-Romero Holmes,A (2490)
Mesa 1992 1/2-1/2 (62)}) 7... Qe8 ({RR} 7... a6 8. a4 Nd7 9. O-O e5 10. dxe5
dxe5 11. Bg5 Qe8 12. e4 Kh8 13. Re1 f5 14. Bc1 Nc5 15. Nbd2 Be6 16. Bxe6 Qxe6
17. Qe2 Rad8 18. exf5 gxf5 19. Nf1 Nd3 20. Rd1 e4 21. Ne1 Nce5 22. Nxd3 {
Schneider,B (2271)-Santos Latasa,J (2635) Tegernsee GER 2021 0-1}) 8. O-O e5 9.
Bh2 e4 $146 ({RR} 9... h6 10. Re1 e4 11. Nfd2 Ne7 12. Bf1 g5 13. c4 Bf5 14. Nc3
h5 15. Qc2 Nc6 16. Nd5 Qd8 17. f3 Nxd5 18. cxd5 Nxd4 19. exd4 Bxd4+ 20. Kh1 e3
21. Qxf5 exd2 22. Bd3 dxe1=Q+ 23. Rxe1 Re8 24. Rxe8+ {Zubov,A (2507)-Ortega
Hermida,D (2365) Las Palmas 2003 0-1}) ({RR} 9... Qe7 10. a4 e4 11. Nfd2 h5 12.
b4 Nd8 13. Na3 Ne6 14. b5 Ng5 15. Kh1 Nxh3 16. gxh3 Bxh3 17. Rg1 Ng4 18. Qe1
Nxh2 19. Kxh2 Bg4 20. Rg3 d5 21. Be2 f5 22. Bxg4 hxg4 23. Nc2 Kf7 24. Nb4 {
Soldatov,R (2302)-Grinev,V (2118) Kharkov 2004 1/2-1/2 (43)}) 10. Nfd2 Bf5 11.
Re1 Qd7 12. Bf1 g5 13. c4 h5 14. Nc3 Rae8 15. b4 h4 16. b5 Nd8 17. Qc2 Re7 18.
Rac1 Rfe8 19. c5 dxc5 20. dxc5 g4 21. c6 bxc6 22. bxc6 Qc8 23. hxg4 Bxg4 24.
Nb5 h3 25. Nxa7 Qf5 26. f4 hxg2 27. Kxg2 Bf3+ 28. Nxf3 exf3+ 29. Kh1 Ne4 30.
Bd3 f2 31. Rf1 Qd5 32. Bxe4 Rxe4 33. Qd1 Qxa2 34. Rc2 Qxa7 1-0

[Event "II Criciúma Chess Open - A1700 - 12-18"]
[Site "Criciúma SC"]
[Date "2024.01.13"]
[Round "3.4"]
[White "Filgueiras, Nathan Felipe"]
[Black "Languidey, Simon Alejandro"]
[Result "1/2-1/2"]
[WhiteElo "2321"]
[BlackElo "2402"]
[PlyCount "62"]
[EventDate "2024.01.12"]
[EventRounds "9"]
[EventCountry "BRA"]

1. e4 e6 2. d4 d5 3. Nd2 Nf6 4. e5 Nfd7 5. c3 c5 6. Bd3 Nc6 7. Ne2 cxd4 8. cxd4
f6 9. Nf4 Nxd4 10. Qh5+ Ke7 11. exf6+ Nxf6 12. Ng6+ hxg6 13. Qxh8 Kf7 14. O-O
e5 15. Nb3 Nxb3 16. axb3 Bf5 17. Bxf5 gxf5 18. Bg5 Qb6 19. Bxf6 Qxf6 20. Rfc1
Qb6 21. Qh7 Kf6 22. h4 $146 ({RR} 22. Qh4+ Kf7 23. Qh5+ g6 24. Qe2 Bd6 25. Qd3
d4 26. Qc4+ Kf6 27. Rd1 Rd8 28. Kh1 Bb8 29. g3 e4 30. Ra4 d3 31. Kg2 Bd6 32.
Qd4+ Qxd4 33. Rxd4 Ke5 34. Rc4 Kd5 35. h4 b5 36. Rcc1 Be5 {Hagemann,S (1987)
-Koch,Y (1896) Verden 2015 1-0 (56)}) 22... Bc5 23. h5 Bxf2+ 24. Kh1 e4 25.
Qg6+ Ke5 26. Qxg7+ Qf6 27. Qc7+ Qd6 28. Qxb7 Rh8 29. Qg7+ Qf6 30. Qc7+ Qd6 31.
Qg7+ Qf6 1/2-1/2

[Event "II Criciúma Chess Open - A1700 - 12-18"]
[Site "Criciúma SC"]
[Date "2024.01.13"]
[Round "3.5"]
[White "Matsuura, Everaldo"]
[Black "Librelato, Kathie Goulart"]
[Result "1-0"]
[WhiteElo "2410"]
[BlackElo "2170"]
[PlyCount "65"]
[EventDate "2024.01.12"]
[EventRounds "9"]
[EventCountry "BRA"]

1. Nf3 d5 2. c4 e6 3. g3 Nf6 4. b3 d4 5. Bg2 c5 6. e3 Nc6 7. exd4 cxd4 8. O-O
Be7 9. Re1 Nd7 10. d3 O-O 11. Bb2 e5 12. Na3 ({RR} 12. Nbd2 a5 13. a3 Re8 14.
Qc2 Bf8 15. Re2 Nc5 16. Ne4 Na6 17. Rae1 f6 18. h3 Be6 19. g4 Qd7 20. Ng3 Nc5
21. Nh4 Bf7 22. Bc1 Ne6 23. Bd5 Ne7 24. Bg2 Rac8 25. Nhf5 Ng6 26. Nh5 Kh8 {
Sydoryka,V (2307)-Kezin,R (2492) chess.com INT 2021 0-1 (77)}) 12... Qc7 ({RR} 
12... f6 13. Nd2 Nc5 14. Ne4 Ne6 15. Nc2 Kh8 16. Nd2 Nc5 17. Qe2 Bf5 18. Ne4
Bxe4 19. Bxe4 Nxe4 20. Qxe4 f5 21. Qd5 Qc7 {1/2-1/2 (21) Ftacnik,L (2579)
-Lukacs,P (2460) Austria 2000}) 13. Nc2 a5 $146 ({RR} 13... f6 14. Nh4 f5 15.
Bd5+ Kh8 16. Qh5 Bxh4 17. Qxh4 Nf6 18. Bg2 a5 19. Ba3 Rg8 20. Qg5 Bd7 21. Qd2
Rge8 22. f4 Rad8 23. fxe5 Nxe5 24. Qf4 Bc6 25. Bxc6 bxc6 26. Bc5 Nh5 27. Qxf5
g6 28. Qf1 {Quinn,M (2350)-Caruso,A (2285) Padova 1998 1-0 (34)}) 14. Na3 Nc5
15. Nb5 Qb8 16. Ba3 Bg4 17. Qd2 Re8 18. Ng5 Nb4 19. Bxb4 axb4 20. Bd5 Bh5 21.
Ne4 Nd7 22. c5 Nxc5 23. Nxc5 Bxc5 24. Rac1 Rc8 25. Qg5 Bg6 26. Qxe5 Bxd3 27.
Bxf7+ Kxf7 28. Qd5+ Kf8 29. Rxc5 Rxc5 30. Qxc5+ Kg8 31. Nc7 Bg6 32. Nxa8 Qxa8
33. Qxd4 1-0

[Event "II Criciúma Chess Open - A1700 - 12-18"]
[Site "Criciúma SC"]
[Date "2024.01.13"]
[Round "3.6"]
[White "Federzoni, Enzo"]
[Black "Umetsubo, Cesar Hidemitsu"]
[Result "1/2-1/2"]
[WhiteElo "2170"]
[BlackElo "2349"]
[PlyCount "40"]
[EventDate "2024.01.12"]
[EventRounds "9"]
[EventCountry "BRA"]

1. e4 e5 2. Nf3 Nf6 3. Nxe5 d6 4. Nf3 Nxe4 5. d4 d5 6. Bd3 Nc6 7. O-O Be7 8. c4
Nf6 9. h3 O-O 10. Nc3 Nb4 11. Be2 dxc4 12. Bxc4 c6 13. a3 Nbd5 14. Bd3 h6 15.
Re1 Be6 16. Bc2 Re8 17. Qd3 Bf8 18. Nxd5 $146 ({RR} 18. Bd2 g6 19. g4 Bg7 20.
Ne5 Nd7 21. Nf3 Qc7 22. Nh4 Nxc3 23. bxc3 Rad8 24. Rab1 b5 25. Be3 Ba2 26. Ra1
Bd5 27. Qd2 Kh7 28. Bf4 Qb7 29. Bd6 Nb6 30. Qf4 Kg8 31. Bc5 Qb8 32. Ng2 Qxf4 {
Brady,S (2357)-Jones,I (2286) Dublin 2011 1/2-1/2 (36)}) 18... Bxd5 19. Ne5 g6
20. Bf4 Bg7 1/2-1/2

[Event "II Criciúma Chess Open - A1700 - 12-18"]
[Site "Criciúma SC"]
[Date "2024.01.13"]
[Round "3.7"]
[White "Gemy, Jose Daniel"]
[Black "Silva, Juliana Figueira Th"]
[Result "1-0"]
[WhiteElo "2329"]
[BlackElo "1747"]
[PlyCount "57"]
[EventDate "2024.01.12"]
[EventRounds "9"]
[EventCountry "BRA"]

1. Nf3 Nf6 2. g3 g6 3. Bg2 Bg7 4. O-O O-O 5. c4 d6 6. Nc3 e5 7. Rb1 Nbd7 8. b4
Rb8 ({RR} 8... a5 9. a3 Re8 10. Qc2 Nf8 11. d3 c6 12. Bb2 Bf5 13. h3 axb4 14.
axb4 e4 15. Nd4 exd3 16. exd3 Bd7 17. Ra1 Rxa1 18. Rxa1 Ne6 19. Nf3 Nc7 20. Ne2
Na6 21. Bc3 Nh5 22. Bxg7 Nxg7 23. Rb1 {Andersson,U (2610)-Christiansen,L (2515)
Moron 1981 1-0 (50)}) ({RR} 8... a5 9. a3 Re8 10. e4 Nb6 11. d3 axb4 12. axb4
Bg4 13. h3 Bxf3 14. Bxf3 Nfd7 15. Be3 Nc8 16. Ra1 Ne7 17. Qb3 Nf8 18. Rxa8 Qxa8
19. Nd5 Ne6 20. Qb2 c6 21. Nxe7+ Rxe7 22. Ra1 Qf8 23. Qa3 {Kovalev,D (2487)
-Maltsevskaya,A (2409) chess.com INT 2021 0-1 (47)}) 9. a4 $146 ({RR} 9. d3 a6
10. a4 b6 11. Bd2 Bb7 12. Qc2 Nh5 13. a5 bxa5 14. b5 f5 15. bxa6 Bxa6 16. Ng5
Nc5 17. Na4 Nf6 18. Nxc5 dxc5 19. Ne6 Qd6 20. Nxf8 Rxf8 21. Bxa5 e4 22. Bd2 Rd8
23. Rb3 Ng4 {Blanco Sanjuan,J (2185)-Quevedo Marin,M San Sebastian 2000 1-0})
9... b6 10. d4 Bb7 11. d5 Ne8 12. e4 h6 13. Nb5 a6 14. Na7 f5 15. Nh4 Qf6 16.
exf5 gxf5 17. Bh3 Ra8 18. Nc6 Bxc6 19. dxc6 Nb8 20. Bxf5 Qf7 21. Qg4 Nf6 22.
Qh3 Qh5 23. g4 Qe8 24. g5 hxg5 25. Bxg5 Nh7 26. Bxh7+ Kxh7 27. Nf5+ Kg8 28.
Ne7+ Kf7 29. Qf5+ 1-0

[Event "II Criciúma Chess Open - A1700 - 12-18"]
[Site "Criciúma SC"]
[Date "2024.01.13"]
[Round "3.8"]
[White "Piccoli, Lucas Fonseca"]
[Black "Borges, Guilherme Deola"]
[Result "1-0"]
[WhiteElo "2263"]
[BlackElo "2142"]
[PlyCount "89"]
[EventDate "2024.01.12"]
[EventRounds "9"]
[EventCountry "BRA"]

1. e4 c5 2. Nf3 Nc6 3. d4 cxd4 4. Nxd4 g6 5. c4 Bg7 6. Be3 Qb6 7. Nb5 Qa5+ 8.
Bd2 ({RR} 8. N5c3 Nf6 9. Bd3 d6 10. f3 O-O 11. O-O Ne5 12. Be2 Be6 13. b3 Rfc8
14. Qd2 a6 15. Na4 Qxd2 16. Nxd2 Nfd7 17. Rac1 Nc6 18. Nb1 Nd4 19. Nac3 b5 20.
cxb5 axb5 21. Bxb5 Nxb5 22. Nxb5 Rxc1 {Leko,P (2693)-Mamedov,R (2688) Tallinn
2016 0-1 (47)}) 8... Qd8 ({RR} 8... Qb6 9. N1c3 Nf6 10. c5 Qd8 11. Bf4 O-O 12.
Be2 Ne8 13. Rc1 a6 14. Na3 b5 15. cxb6 Qxb6 16. Nc4 Bxc3+ 17. Rxc3 Qd8 18. h4
Nf6 19. e5 Ne4 20. Re3 Nc5 21. h5 Bb7 22. Bh6 Re8 23. hxg6 {Pink,J (1939)
-Lampard,A (1754) Harrogate ENG 2022 1-0 (68)}) 9. N1c3 d6 $146 ({RR} 9... a6
10. Na3 Nf6 11. Be2 O-O 12. O-O Nd4 13. e5 Ne8 14. Bf4 Ne6 15. Bg3 f6 16. exf6
Nxf6 17. Qd2 d6 18. Rfe1 Nc5 19. Bf3 a5 20. Nab5 Bd7 21. b3 Bc6 22. Nd4 Bxf3
23. Nxf3 Qd7 24. Rad1 {Navara,D (2710)-Plat,V (2483) Prague 2012 0-1 (43)}) ({
RR} 9... Nf6 10. Bf4 d6 11. Qd2 a6 12. Na3 O-O 13. Be2 Be6 14. O-O Rc8 15. Rac1
Ne5 16. b3 Qa5 17. Nc2 b5 18. b4 Qc7 19. Bxe5 dxe5 20. c5 Rfd8 21. Qe3 Rd4 22.
f3 Rcd8 23. a4 Bc4 24. axb5 {Norri,R (1874)-Lindholm,J (2048) Naantali 2017
1-0 (35)}) ({RR} 9... Nf6 10. Nd5 O-O 11. Nxf6+ Bxf6 12. Bc3 Bxc3+ 13. Nxc3 e5
14. Qd2 d6 15. O-O-O Be6 16. Kb1 Nd4 17. Ne2 Nc6 18. Nc3 a6 19. Qxd6 Qb6 20.
Qd2 Rfd8 21. Nd5 Bxd5 22. cxd5 Nd4 23. Bd3 a5 24. Rc1 {Hnydiuk,A (2390)
-Jarmula,L (2469) Zalakaros 2017 1-0 (55)}) 10. Nd5 Kf8 11. Nbc3 e6 12. Ne3 f5
13. Be2 Nf6 14. exf5 gxf5 15. O-O h5 16. Nc2 Ne5 17. Nb5 Nf7 18. Bb4 Ne8 19.
Qd3 Bxb2 20. Rad1 a6 21. Nbd4 Qf6 22. Qb3 Bxd4 23. Nxd4 e5 24. Nc2 h4 25. h3
Rg8 26. Kh1 f4 27. c5 Be6 28. Qb2 d5 29. c6+ Nfd6 30. Qa3 Ke7 31. cxb7 Rb8 32.
Bf3 Rxb7 33. Bxd5 Bxd5 34. Rxd5 Rxb4 35. Nxb4 e4 36. Nc6+ Kd7 37. Qa4 f3 38.
Nd4+ Ke7 39. Rg1 e3 40. Nxf3 exf2 41. Rf1 Qe6 42. Qxh4+ Kf8 43. Rxd6 Qxd6 44.
Qxf2 Rg7 45. Ng5+ 1-0

[Event "II Criciúma Chess Open - A1700 - 12-18"]
[Site "Criciúma SC"]
[Date "2024.01.13"]
[Round "3.9"]
[White "Woichinevski, Joao Vinicius Peru"]
[Black "Terao, Juliana Sayumi"]
[Result "0-1"]
[WhiteElo "1747"]
[BlackElo "2198"]
[PlyCount "82"]
[EventDate "2024.01.12"]
[EventRounds "9"]
[EventCountry "BRA"]

1. Nf3 d5 2. d4 Nf6 3. c4 e6 4. g3 Be7 5. Bg2 O-O 6. O-O dxc4 7. Ne5 Nc6 8.
Bxc6 bxc6 9. Nxc6 Qe8 10. Nxe7+ Qxe7 11. Qc2 Ba6 12. b3 Qd7 13. Rd1 cxb3 14.
axb3 Bb7 15. Ba3 $146 ({RR} 15. f3 Rfd8 16. Nc3 Nd5 17. Nxd5 Qxd5 18. Be3 Rd6
19. Qc4 Rb6 20. Rdb1 Qd7 21. Bf2 Bd5 22. Qc3 f5 23. Ra5 c6 24. b4 Rab8 25. Be1
Rb5 26. Rxb5 cxb5 27. Ra1 Bc4 28. Qe3 Bxe2 29. Kg2 Bc4 {Brown,S (1935)
-MacArainn,G (2055) Clarkston 2003 1/2-1/2 (32)}) 15... Rfd8 16. Nc3 Qc6 17. f3
e5 18. Bc5 a5 19. Ra4 exd4 20. Bxd4 Nd5 21. Rc4 Qe6 22. e4 Nb4 23. Qd2 Qe7 24.
Na4 Ba6 25. Rc3 Bb5 26. Nc5 Nc6 27. Qe3 Nxd4 28. Rxd4 Rxd4 29. Qxd4 Rd8 30. Qe3
h5 31. Nd3 h4 32. Nf2 hxg3 33. hxg3 c6 34. Rc1 Rd6 35. Rd1 Rxd1+ 36. Nxd1 Qd6
37. Qe1 Qd3 38. Nf2 Qxf3 39. Kh2 g6 40. Qd2 Bf1 41. Qd8+ Kh7 0-1

[Event "II Criciúma Chess Open - A1700 - 12-18"]
[Site "Criciúma SC"]
[Date "2024.01.13"]
[Round "3.10"]
[White "Do Nascimento, Christian Almeida"]
[Black "Duarte Napoles, Fanny"]
[Result "1/2-1/2"]
[WhiteElo "2123"]
[BlackElo "2220"]
[PlyCount "41"]
[EventDate "2024.01.12"]
[EventRounds "9"]
[EventCountry "BRA"]

1. d4 Nf6 2. Bg5 d5 3. Bxf6 exf6 4. e3 c6 5. c4 dxc4 6. Bxc4 Bd6 7. Ne2 O-O 8.
Nbc3 Nd7 9. O-O f5 10. Ng3 ({RR} 10. a3 Nf6 11. h3 Bc7 12. Qd3 Qd6 13. g3 f4
14. Nxf4 g5 15. Ng2 Bxh3 16. f4 Rae8 17. Rae1 Nh5 18. Kf2 gxf4 19. gxf4 Qg6 20.
Qxg6+ hxg6 21. Rh1 Bc8 22. Nh4 Kg7 23. Nf3 Nf6 24. Ng5 Re7 {Korotylev,A (2547)
-Smagin,S (2570) Sochi 2004 1-0 (36)}) ({RR} 10. g3 Nf6 11. a3 Qe7 12. d5 c5
13. Nb5 a6 14. Nxd6 Qxd6 15. a4 Bd7 16. Qd3 Rfe8 17. a5 Ng4 18. Nc3 Qh6 19. h4
Ne5 20. Qe2 f4 21. exf4 Bg4 22. Qxe5 Rxe5 23. fxe5 Qd2 24. Na4 g5 {Simonovic,M
(2115)-Grachev,B (2615) chess.com INT 2021 0-1 (33)}) 10... g6 11. Qf3 Nf6 12.
Rad1 Bb4 $146 ({RR} 12... h5 13. h3 h4 14. Nge2 Kg7 15. Bd3 Re8 16. e4 fxe4 17.
Nxe4 Nxe4 18. Bxe4 Qe7 19. Bd3 Bc7 20. Rfe1 Be6 21. Nf4 Qd6 22. Re5 Bd7 23.
Bxg6 fxg6 24. Nh5+ Kg8 25. Nf6+ Kg7 26. Nh5+ Kg8 27. Nf6+ {Olund,J (2328)
-Tsyhanchuk,S (2389) Stockholm 2015 1/2-1/2}) ({RR} 12... Kg7 13. h3 Qc7 14. e4
fxe4 15. Ncxe4 Nxe4 16. Nxe4 Bf5 17. Nxd6 Qxd6 18. d5 c5 19. Rfe1 a6 20. a4
Rab8 21. a5 b5 22. axb6 Rxb6 23. b3 Qf6 24. Re3 Bd7 25. Qe2 Bb5 26. Rf3 Qd6 27.
Re1 {Olund,J (2328)-Lundstedt,P (2066) Gothenburg SWE 2019 1/2-1/2 (46)}) 13.
e4 Bxc3 14. bxc3 fxe4 15. Nxe4 Nxe4 16. Qxe4 Bf5 17. Qf3 Qd7 18. h3 Be6 19.
Bxe6 Qxe6 20. d5 cxd5 21. Qxd5 1/2-1/2

[Event "II Criciúma Chess Open - A1700 - 12-18"]
[Site "Criciúma SC"]
[Date "2024.01.13"]
[Round "3.11"]
[White "Contin, Daniel"]
[Black "Goncalves, Nata"]
[Result "1-0"]
[WhiteElo "2203"]
[BlackElo "1998"]
[PlyCount "57"]
[EventDate "2024.01.12"]
[EventRounds "9"]
[EventCountry "BRA"]

1. c4 e6 2. d4 Nf6 3. Nf3 d5 4. Bg5 dxc4 5. e4 b5 6. a4 c6 7. axb5 cxb5 8. e5
h6 9. Bh4 g5 10. Nxg5 Nd5 $146 ({RR} 10... hxg5 11. Bxg5 Nbd7 12. Be2 Bb7 13.
Bf3 Qb6 14. exf6 Bh6 15. Bxh6 Rxh6 16. b3 Rc8 17. bxc4 Bxf3 18. Qxf3 Qxd4 19.
Ra3 Rxf6 20. Qe2 Rxc4 21. O-O Qc5 22. Ra2 Rg6 23. Qf3 Ke7 24. Nd2 Rcg4 25. g3 {
Rodgaard,J (2360)-Rahman,Z (2360) Manila 1992 1-0 (43)}) ({RR} 10... hxg5 11.
Bxg5 Nbd7 12. Qf3 Rb8 13. exf6 Bb7 14. Qf4 a6 15. Nc3 Nb6 16. h4 Bb4 17. Rh3
Nd5 18. Qe5 Bd6 19. Qe2 Bb4 20. Qe5 Rc8 21. Rd1 Kf8 22. Rd2 Qa5 23. Qg3 Qa1+
24. Ke2 Ke8 25. Nxd5 {Shevchenko,K (2539)-So,W (2765) chess.com INT 2019 0-1})
11. Nf3 Be7 12. Bxe7 Qxe7 13. Qd2 Bb7 14. Be2 Nd7 15. O-O N7b6 16. b3 h5 17.
Na3 c3 18. Bxb5+ Kf8 19. Qc1 h4 20. h3 Rc8 21. Be2 Qb4 22. Nb5 Ba8 23. Rxa7
Qxb3 24. Ng5 c2 25. Rxf7+ Kg8 26. Nxe6 Kxf7 27. Qg5 c1=Q 28. Nd6+ Kxe6 29. Bg4#
1-0

[Event "II Criciúma Chess Open - A1700 - 12-18"]
[Site "Criciúma SC"]
[Date "2024.01.13"]
[Round "3.12"]
[White "Rodi, Luis Ernesto"]
[Black "Pedroso, Denian"]
[Result "1-0"]
[WhiteElo "2196"]
[BlackElo "1924"]
[PlyCount "69"]
[EventDate "2024.01.12"]
[EventRounds "9"]
[EventCountry "BRA"]

1. e4 {Bangiev,A} c5 2. Nc3 Nc6 3. Bb5 g6 4. Bxc6 dxc6 5. d3 Bg7 6. Be3 b6 7.
Qd2 e5 8. Nge2 Nf6 9. Bh6 O-O ({RR} 9... Bxh6 10. Qxh6 Be6 11. h3 Qd6 12. O-O
O-O-O 13. f4 exf4 14. Qxf4 ({RR} 14. Nxf4) 14... Qxf4 15. Nxf4 Nd7 ({RR} 15...
Rhf8 16. e5 ({RR} 16. Nxe6 fxe6) 16... Nd7 17. Rae1) 16. Nxe6 fxe6 17. Rf7 Rdf8
18. Raf1 e5 19. Rg7 Rxf1+ 20. Kxf1 a5 21. Ke2 Kd8 22. a4 Nf6 ({RR} 22... Kc7
23. b3 Kd6 24. Nd1) 23. g4 Rf8 24. b3 {Ibragimov,I (2585)-Fishbein,A (2505)
San Diego 2004 CBM 105 [Bangiev,A] 1-0 (40)}) ({RR} 9... Bxh6 10. Qxh6 Ng4 11.
Qd2 Qh4 12. Ng3 Be6 13. O-O-O O-O-O 14. h3 Nf6 15. Qe3 Rd7 16. Nge2 Ne8 17.
Rhf1 g5 18. b3 f6 19. Kb2 Qh5 20. a4 a5 21. Nb1 Nc7 22. Na3 Rhd8 23. Ng3 Qf7
24. Qe2 {Rodi,L (2364)-Cubas,J (2455) Sao Paulo 2015 0-1 (65)}) 10. h3 Qc7 ({RR
} 10... Re8 11. Bxg7 Kxg7 12. O-O-O b5 13. Qe3 Qe7 14. Rdf1 Nd7 15. h4 Nf8 16.
h5 Ne6 17. g3 Nd4 18. f4 Bg4 19. hxg6 fxg6 20. fxe5 Nxe2+ 21. Nxe2 Bxe2 22.
Qxe2 Qg5+ 23. Kb1 Qxg3 24. Qd2 Re7 25. Qh6+ {Petriashvili,N (2428)-Qalichava,A
(2071) Tbilisi GEO 2021 1-0 (74)}) 11. g4 $146 ({RR} 11. O-O Nh5 12. Bxg7 Kxg7
13. f4 exf4 14. Nxf4 Nxf4 15. Rxf4 Be6 16. Raf1 f6 17. Nd1 Qe5 18. b3 Rf7 19.
Ne3 Rd8 20. Qf2 Rdf8 21. Re1 Re8 22. h4 Qd4 23. Qg3 Qe5 24. Ref1 Ree7 25. a4
Re8 {Shaw,J (2454)-Thorsteinsson,S Tvoroyri 2005 1-0 (46)}) ({RR} 11. O-O Re8
12. Bxg7 Kxg7 13. f4 exf4 14. Rxf4 Be6 15. Raf1 Ng8 16. R4f3 f6 17. Nf4 Bf7 18.
Nd1 Rad8 19. Qf2 Qe5 20. b3 Rd7 21. Ne3 Be6 22. h4 Rf8 23. h5 g5 24. Nxe6+ Qxe6
25. Nf5+ Kh8 {Dey,J (2271)-Wolfsteiner,H (2340) Bayern 2003 1/2-1/2 (33)})
11... Rd8 12. Bxg7 Kxg7 13. Qe3 Nd7 14. O-O-O Nf8 15. f4 Ne6 16. f5 Nf4 17.
Nxf4 exf4 18. Qf2 c4 19. d4 Bb7 20. h4 c5 21. d5 Qe5 22. Rhf1 Rd7 23. Qxf4
Qxf4+ 24. Rxf4 Re8 25. g5 gxf5 26. Rxf5 b5 27. Rf4 b4 28. Na4 Rc8 29. Rf6 Re7
30. Rdf1 b3 31. axb3 cxb3 32. cxb3 c4 33. b4 Rf8 34. Nc5 Rc8 35. d6 1-0